[Event "DEM U14 2018"]
[Site "Willingen GER"]
[Date "2018.05.21"]
[Round "3"]
[White "Morgenstern, Tobias"]
[Black "Köllner, Ruben Gideon"]
[Result "0-1"]
[Termination "normal"]
[Board "6"]
[WhiteElo "1730"]
[BlackElo "2204"]
[WhiteClock "00:16:11"]
[BlackClock "00:09:45"]
[PlyCount "94"]
[WhiteFideId "12974390"]
[BlackFideId "12993093"]
[EventCountry "GER"]
[EventRounds "9"]
[EventType "swiss"]
[EventDate "2018.05.19"]

1. e4 {[%clk 1:30:56]} 1... d6 {[%clk 1:30:49]} 2. d4 {[%clk 1:31:12]} 2... Nf6
{[%clk 1:31:11]} 3. Nc3 {[%clk 1:31:28]} 3... Nbd7 {[%clk 1:31:33]} 4. Nf3 {
[%clk 1:31:37]} 4... e5 {[%clk 1:31:47]} 5. Bc4 {[%clk 1:31:56]} 5... Be7 {
[%clk 1:31:54]} 6. O-O {[%clk 1:32:09]} 6... c6 {[%clk 1:30:22]} 7. a4 { [%clk
1:31:36]} 7... h6 {[%clk 1:30:07]} 8. Re1 {[%clk 1:31:34]} 8... Qc7 { [%clk
1:30:02]} 9. a5 {[%clk 1:30:31]} 9... Nf8 {[%clk 1:29:06]} 10. Nh4 { [%clk
1:28:12]} 10... g6 {[%clk 1:24:41]} 11. Nf3 {[%clk 1:26:30]} 11... Bg4 { [%clk
1:23:35]} 12. d5 {[%clk 1:24:06]} 12... g5 {[%clk 1:19:12]} 13. Bb3 { [%clk
1:13:29]} 13... a6 {[%clk 0:53:56]} 14. Ba4 {[%clk 1:02:54]} 14... Ng6 { [%clk
0:45:55]} 15. dxc6 {[%clk 1:02:04]} 15... bxc6 {[%clk 0:46:11]} 16. Nd5 { [%clk
1:01:55]} 16... Nxd5 {[%clk 0:46:15]} 17. exd5 {[%clk 1:01:15]} 17... Bd7
{[%clk 0:46:14]} 18. Re3 {[%clk 0:47:37]} 18... c5 {[%clk 0:44:48]} 19. Bxd7+ {
[%clk 0:46:12]} 19... Qxd7 {[%clk 0:45:09]} 20. Rb3 {[%clk 0:46:23]} 20... O-O
{[%clk 0:40:22]} 21. Qe2 {[%clk 0:45:32]} 21... f5 {[%clk 0:31:34]} 22. Rb6 {
[%clk 0:42:56]} 22... e4 {[%clk 0:27:23]} 23. Ne1 {[%clk 0:42:06]} 23... Ne5 {
[%clk 0:22:41]} 24. Bd2 {[%clk 0:35:40]} 24... Bf6 {[%clk 0:09:44]} 25. Ra3 {
[%clk 0:31:43]} 25... Rfc8 {[%clk 0:08:06]} 26. Rab3 {[%clk 0:23:20]} 26... c4
{[%clk 0:07:10]} 27. Rh3 {[%clk 0:22:39]} 27... Nf7 {[%clk 0:06:36]} 28. Qh5 {
[%clk 0:17:59]} 28... Kg7 {[%clk 0:06:48]} 29. Bb4 {[%clk 0:15:24]} 29... Be5 {
[%clk 0:06:17]} 30. g3 {[%clk 0:10:47]} 30... Rh8 {[%clk 0:04:09]} 31. Ng2 {
[%clk 0:09:13]} 31... Bd4 {[%clk 0:03:26]} 32. Rc6 {[%clk 0:08:55]} 32... Rac8
{[%clk 0:02:56]} 33. Rxa6 {[%clk 0:08:21]} 33... Qb5 {[%clk 0:02:40]} 34. Ne3 {
[%clk 0:04:39]} 34... Kf6 {[%clk 0:02:03]} 35. Nxf5 {[%clk 0:01:33]} 35...
Bxf2+ {[%clk 0:02:20]} 36. Kxf2 {[%clk 0:01:58]} 36... Qxb4 {[%clk 0:02:32]}
37. Nd4 {[%clk 0:01:46]} 37... Qd2+ {[%clk 0:02:35]} 38. Ne2 {[%clk 0:02:15]}
38... Qxd5 {[%clk 0:01:50]} 39. Qg4 {[%clk 0:01:13]} 39... Rhf8 {[%clk 0:01:18]
} 40. c3 {[%clk 0:00:37]} 40... Ne5 {[%clk 0:00:48]} 41. Qh5 {[%clk 0:21:30]}
41... Ke7+ {[%clk 0:14:48]} 42. Nf4 {[%clk 0:21:04]} 42... e3+ {[%clk 0:11:48]}
43. Kg1 {[%clk 0:17:58]} 43... Nf3+ {[%clk 0:09:21]} 44. Kg2 {[%clk 0:17:37]}
44... Qd2+ {[%clk 0:08:53]} 45. Kxf3 {[%clk 0:16:48]} 45... Rxf4+ { [%clk
0:08:59]} 46. gxf4 {[%clk 0:16:24]} 46... Qf2+ {[%clk 0:09:23]} 47. Ke4 { [%clk
0:16:11]} 47... Qxf4+ {[%clk 0:09:45]} 0-1

[Event "DEM U14 2018"]
[Site "Willingen GER"]
[Date "2018.05.21"]
[Round "3"]
[White "Dobrikov, Marco"]
[Black "Musiolik, David"]
[Result "1-0"]
[Termination "normal"]
[Board "7"]
[WhiteElo "2151"]
[BlackElo "2089"]
[WhiteClock "00:19:50"]
[BlackClock "00:03:48"]
[PlyCount "119"]
[WhiteFideId "12950378"]
[BlackFideId "12972355"]
[EventCountry "GER"]
[EventRounds "9"]
[EventType "swiss"]
[EventDate "2018.05.19"]

1. e4 {[%clk 1:30:57]} 1... e6 {[%clk 1:30:55]} 2. d4 {[%clk 1:31:24]} 2... d5
{[%clk 1:31:19]} 3. Nd2 {[%clk 1:31:49]} 3... Nf6 {[%clk 1:31:44]} 4. e5 {
[%clk 1:32:16]} 4... Nfd7 {[%clk 1:32:08]} 5. f4 {[%clk 1:32:42]} 5... c5 {
[%clk 1:32:15]} 6. c3 {[%clk 1:33:08]} 6... Nc6 {[%clk 1:32:37]} 7. Ndf3 {
[%clk 1:33:33]} 7... Qb6 {[%clk 1:32:25]} 8. a3 {[%clk 1:33:30]} 8... a5 {
[%clk 1:17:30]} 9. b3 {[%clk 1:33:15]} 9... Be7 {[%clk 1:14:42]} 10. Bb2 {
[%clk 1:13:38]} 10... cxd4 {[%clk 1:10:24]} 11. cxd4 {[%clk 1:13:36]} 11... f6
{[%clk 1:02:52]} 12. Bd3 {[%clk 1:11:45]} 12... O-O {[%clk 0:47:13]} 13. Qc2 {
[%clk 1:09:55]} 13... f5 {[%clk 0:46:42]} 14. g4 {[%clk 1:08:03]} 14... fxg4 {
[%clk 0:36:45]} 15. Bxh7+ {[%clk 1:08:07]} 15... Kh8 {[%clk 0:37:10]} 16. Qg6 {
[%clk 1:08:20]} 16... Rf5 {[%clk 0:36:50]} 17. Qxg4 {[%clk 0:49:06]} 17... Kxh7
{[%clk 0:36:52]} 18. Nh3 {[%clk 0:44:33]} 18... Qxb3 {[%clk 0:27:42]} 19. Rg1 {
[%clk 0:43:12]} 19... Qe3+ {[%clk 0:20:51]} 20. Kd1 {[%clk 0:42:43]} 20... Qd3+
{[%clk 0:19:14]} 21. Kc1 {[%clk 0:40:35]} 21... Qe3+ {[%clk 0:19:14]} 22. Nd2 {
[%clk 0:39:25]} 22... Rf7 {[%clk 0:16:59]} 23. Rg3 {[%clk 0:39:22]} 23... Qe1+
{[%clk 0:13:56]} 24. Kc2 {[%clk 0:39:48]} 24... Qxa1 {[%clk 0:12:54]} 25. Bxa1
{[%clk 0:40:12]} 25... Nf8 {[%clk 0:13:07]} 26. Nf3 {[%clk 0:40:18]} 26... Kg8
{[%clk 0:11:49]} 27. Nhg5 {[%clk 0:39:45]} 27... Bxg5 {[%clk 0:11:58]} 28. Nxg5
{[%clk 0:39:50]} 28... Rc7 {[%clk 0:11:37]} 29. Kd2 {[%clk 0:39:25]} 29... Ne7
{[%clk 0:04:31]} 30. Rh3 {[%clk 0:38:46]} 30... Bd7 {[%clk 0:03:19]} 31. Qh5 {
[%clk 0:37:11]} 31... Neg6 {[%clk 0:03:38]} 32. f5 {[%clk 0:16:00]} 32... exf5
{[%clk 0:02:38]} 33. Qf3 {[%clk 0:10:57]} 33... Ne7 {[%clk 0:01:20]} 34. Bc3 {
[%clk 0:09:42]} 34... b6 {[%clk 0:00:50]} 35. Rg3 {[%clk 0:08:36]} 35... Rac8 {
[%clk 0:00:38]} 36. Qe2 {[%clk 0:07:39]} 36... f4 {[%clk 0:00:40]} 37. Qf2 {
[%clk 0:03:41]} 37... Neg6 {[%clk 0:00:34]} 38. Rf3 {[%clk 0:02:33]} 38... Bg4
{[%clk 0:00:44]} 39. Rd3 {[%clk 0:02:14]} 39... Bf5 {[%clk 0:01:06]} 40. Rf3 {
[%clk 0:02:39]} 40... Bg4 {[%clk 0:01:24]} 41. Rd3 {[%clk 0:02:10]} 41... Bf5 {
[%clk 0:26:35]} 42. Rf3 {[%clk 0:31:00]} 42... Be4 {[%clk 0:26:39]} 43. Rh3 {
[%clk 0:30:15]} 43... f3 {[%clk 0:26:38]} 44. Rxf3 {[%clk 0:30:15]} 44... Bxf3
{[%clk 0:26:29]} 45. Qxf3 {[%clk 0:30:42]} 45... Rxc3 {[%clk 0:25:49]} 46.
Qxd5+ {[%clk 0:31:08]} 46... Kh8 {[%clk 0:26:10]} 47. Nf7+ {[%clk 0:31:24]}
47... Kh7 {[%clk 0:26:28]} 48. Ng5+ {[%clk 0:31:49]} 48... Kh8 {[%clk 0:25:25]}
49. Nf7+ {[%clk 0:32:15]} 49... Kh7 {[%clk 0:24:02]} 50. Ng5+ {[%clk 0:32:39]}
50... Kh6 {[%clk 0:24:09]} 51. Nf7+ {[%clk 0:32:41]} 51... Kh5 {[%clk 0:13:15]}
52. e6+ {[%clk 0:32:36]} 52... Kg4 {[%clk 0:13:19]} 53. Qe4+ {[%clk 0:30:42]}
53... Nf4 {[%clk 0:12:51]} 54. Ne5+ {[%clk 0:30:47]} 54... Kg5 {[%clk 0:11:56]}
55. e7 {[%clk 0:22:35]} 55... Rh3 {[%clk 0:05:27]} 56. Nf7+ {[%clk 0:21:21]}
56... Kg4 {[%clk 0:05:03]} 57. Nd8 {[%clk 0:20:41]} 57... Rxa3 {[%clk 0:03:31]}
58. Qxf4+ {[%clk 0:19:25]} 58... Kxf4 {[%clk 0:03:53]} 59. exf8=Q+ { [%clk
0:19:50]} 59... Ke4 {[%clk 0:03:48]} 60. Qxa3 1-0

[Event "DEM U14 2018"]
[Site "Willingen GER"]
[Date "2018.05.21"]
[Round "3"]
[White "Arakelian, Aik"]
[Black "Dahl, Christoph"]
[Result "0-1"]
[Termination "normal"]
[Board "10"]
[WhiteElo "1932"]
[BlackElo "1965"]
[WhiteClock "00:02:09"]
[BlackClock "00:02:41"]
[PlyCount "82"]
[WhiteFideId "16220340"]
[BlackFideId "16240235"]
[EventCountry "GER"]
[EventRounds "9"]
[EventType "swiss"]
[EventDate "2018.05.19"]

1. e4 {[%clk 1:26:27]} 1... e5 {[%clk 1:30:32]} 2. Bc4 {[%clk 1:26:42]} 2...
Nc6 {[%clk 1:30:24]} 3. Nf3 {[%clk 1:26:49]} 3... Nf6 {[%clk 1:30:11]} 4. d4 {
[%clk 1:26:23]} 4... exd4 {[%clk 1:29:22]} 5. e5 {[%clk 1:26:31]} 5... d5 {
[%clk 1:29:25]} 6. Bb5 {[%clk 1:26:40]} 6... Ne4 {[%clk 1:29:21]} 7. Nxd4 {
[%clk 1:26:43]} 7... Bd7 {[%clk 1:28:50]} 8. Bxc6 {[%clk 1:26:41]} 8... bxc6 {
[%clk 1:28:57]} 9. O-O {[%clk 1:26:38]} 9... Be7 {[%clk 1:28:29]} 10. f3 {
[%clk 1:25:46]} 10... Nc5 {[%clk 1:28:04]} 11. f4 {[%clk 1:24:47]} 11... Ne4 {
[%clk 1:27:48]} 12. Be3 {[%clk 1:21:28]} 12... c5 {[%clk 1:26:27]} 13. Nb3 {
[%clk 1:19:40]} 13... d4 {[%clk 1:22:27]} 14. Bc1 {[%clk 1:11:58]} 14... O-O {
[%clk 1:19:39]} 15. Qe2 {[%clk 1:04:36]} 15... Bc6 {[%clk 1:15:54]} 16. Na5 {
[%clk 1:00:04]} 16... Bd5 {[%clk 0:56:28]} 17. c4 {[%clk 0:56:48]} 17... dxc3 {
[%clk 0:56:14]} 18. bxc3 {[%clk 0:55:56]} 18... c6 {[%clk 0:54:34]} 19. Nc4 {
[%clk 0:52:24]} 19... Rb8 {[%clk 0:53:10]} 20. Ncd2 {[%clk 0:47:34]} 20... f5 {
[%clk 0:50:46]} 21. Nxe4 {[%clk 0:39:28]} 21... Bxe4 {[%clk 0:50:44]} 22. Rd1 {
[%clk 0:39:15]} 22... Qa5 {[%clk 0:41:05]} 23. Bd2 {[%clk 0:37:09]} 23... Qa4 {
[%clk 0:38:08]} 24. Be3 {[%clk 0:33:49]} 24... Rb2 {[%clk 0:36:15]} 25. Nd2 {
[%clk 0:28:55]} 25... Rd8 {[%clk 0:28:18]} 26. Qe1 {[%clk 0:24:14]} 26... Bc2 {
[%clk 0:18:25]} 27. Rdc1 {[%clk 0:23:41]} 27... c4 {[%clk 0:16:26]} 28. Nf3 {
[%clk 0:16:36]} 28... Ba3 {[%clk 0:13:18]} 29. Qh4 {[%clk 0:14:27]} 29... Rbb8
{[%clk 0:09:12]} 30. Ng5 {[%clk 0:13:41]} 30... h6 {[%clk 0:07:04]} 31. Ne6 {
[%clk 0:13:29]} 31... Rd7 {[%clk 0:03:08]} 32. Nc5 {[%clk 0:12:26]} 32... Bxc5
{[%clk 0:01:43]} 33. Bxc5 {[%clk 0:12:45]} 33... Be4 {[%clk 0:01:34]} 34. e6 {
[%clk 0:04:57]} 34... Rd2 {[%clk 0:01:19]} 35. Bd4 {[%clk 0:01:28]} 35... Rxg2+
{[%clk 0:01:34]} 36. Kf1 {[%clk 0:01:52]} 36... Rbb2 {[%clk 0:01:34]} 37. e7 {
[%clk 0:00:53]} 37... Bd3+ {[%clk 0:01:52]} 38. Ke1 {[%clk 0:01:22]} 38...
Rbe2+ {[%clk 0:02:14]} 39. Kf1 {[%clk 0:01:50]} 39... Ref2+ {[%clk 0:02:38]}
40. Ke1 {[%clk 0:01:54]} 40... Qd1+ {[%clk 0:02:41]} 41. Rxd1 {[%clk 0:02:09]}
41... Rf1# 0-1

[Event "DEM U14 2018"]
[Site "Willingen GER"]
[Date "2018.05.21"]
[Round "3"]
[White "Wu, Leon"]
[Black "Hetzner, Hannes"]
[Result "1-0"]
[Termination "normal"]
[Board "11"]
[WhiteElo "2022"]
[BlackElo "1868"]
[WhiteClock "00:08:33"]
[BlackClock "00:01:51"]
[PlyCount "125"]
[WhiteFideId "12977438"]
[BlackFideId "16211936"]
[EventCountry "GER"]
[EventRounds "9"]
[EventType "swiss"]
[EventDate "2018.05.19"]

1. e4 {[%clk 1:30:35]} 1... e6 {[%clk 1:30:56]} 2. d4 {[%clk 1:30:39]} 2... d5
{[%clk 1:31:21]} 3. Nc3 {[%clk 1:30:40]} 3... Bb4 {[%clk 1:31:45]} 4. e5 {
[%clk 1:30:26]} 4... c5 {[%clk 1:32:11]} 5. a3 {[%clk 1:30:34]} 5... Bxc3+ {
[%clk 1:32:36]} 6. bxc3 {[%clk 1:30:59]} 6... Ne7 {[%clk 1:33:00]} 7. Qg4 {
[%clk 1:30:09]} 7... cxd4 {[%clk 1:33:09]} 8. Bd3 {[%clk 1:29:08]} 8... Qc7 {
[%clk 1:32:19]} 9. Ne2 {[%clk 1:28:11]} 9... Qxe5 {[%clk 1:32:25]} 10. Bf4 {
[%clk 1:26:33]} 10... Qf6 {[%clk 1:30:12]} 11. Bg5 {[%clk 1:22:43]} 11... Qe5 {
[%clk 1:29:19]} 12. cxd4 {[%clk 1:22:36]} 12... h5 {[%clk 1:27:28]} 13. Qh4 {
[%clk 1:21:04]} 13... Qc7 {[%clk 1:27:19]} 14. g4 {[%clk 1:18:01]} 14... Nbc6 {
[%clk 1:25:34]} 15. gxh5 {[%clk 1:15:50]} 15... f6 {[%clk 1:17:31]} 16. Bd2 {
[%clk 0:59:57]} 16... e5 {[%clk 1:04:05]} 17. Qg3 {[%clk 0:56:17]} 17... Kf8 {
[%clk 1:03:11]} 18. dxe5 {[%clk 0:43:35]} 18... Qxe5 {[%clk 0:52:12]} 19. Qxe5
{[%clk 0:38:34]} 19... Nxe5 {[%clk 0:52:11]} 20. Ng3 {[%clk 0:32:53]} 20...
Nxd3+ {[%clk 0:50:42]} 21. cxd3 {[%clk 0:31:37]} 21... Bg4 {[%clk 0:48:34]} 22.
h6 {[%clk 0:29:53]} 22... g6 {[%clk 0:42:15]} 23. f3 {[%clk 0:28:26]} 23... Bh3
{[%clk 0:40:30]} 24. Kf2 {[%clk 0:26:15]} 24... Kf7 {[%clk 0:35:15]} 25. Ne2 {
[%clk 0:23:12]} 25... Bf5 {[%clk 0:32:16]} 26. Rab1 {[%clk 0:21:51]} 26... b6 {
[%clk 0:28:13]} 27. Rb3 {[%clk 0:21:38]} 27... Rac8 {[%clk 0:27:06]} 28. Nd4 {
[%clk 0:21:01]} 28... Bd7 {[%clk 0:25:15]} 29. h4 {[%clk 0:16:12]} 29... Nf5 {
[%clk 0:23:02]} 30. Nxf5 {[%clk 0:16:30]} 30... Bxf5 {[%clk 0:23:27]} 31. Rc1 {
[%clk 0:15:10]} 31... Rxc1 {[%clk 0:15:35]} 32. Bxc1 {[%clk 0:15:26]} 32... Rc8
{[%clk 0:15:08]} 33. Bd2 {[%clk 0:14:36]} 33... Rc2 {[%clk 0:13:32]} 34. Ke2 {
[%clk 0:14:46]} 34... Kg8 {[%clk 0:10:29]} 35. d4 {[%clk 0:09:59]} 35... Kh7 {
[%clk 0:06:30]} 36. Rb5 {[%clk 0:02:59]} 36... Be6 {[%clk 0:04:30]} 37. a4 {
[%clk 0:02:00]} 37... g5 {[%clk 0:04:02]} 38. hxg5 {[%clk 0:02:23]} 38... fxg5
{[%clk 0:04:24]} 39. a5 {[%clk 0:02:11]} 39... bxa5 {[%clk 0:03:50]} 40. Rxa5 {
[%clk 0:02:18]} 40... Bg8 {[%clk 0:03:17]} 41. Kd3 {[%clk 0:30:08]} 41... Rc6 {
[%clk 0:26:39]} 42. Bxg5 {[%clk 0:29:22]} 42... a6 {[%clk 0:25:47]} 43. Ra1 {
[%clk 0:25:18]} 43... Kg6 {[%clk 0:22:21]} 44. Bd2 {[%clk 0:20:50]} 44... Kf7 {
[%clk 0:16:56]} 45. Ke2 {[%clk 0:18:43]} 45... Bh7 {[%clk 0:15:21]} 46. Rg1 {
[%clk 0:18:03]} 46... Bg6 {[%clk 0:15:17]} 47. Rg5 {[%clk 0:15:56]} 47... Rd6 {
[%clk 0:14:45]} 48. Kf2 {[%clk 0:15:03]} 48... Kf6 {[%clk 0:08:34]} 49. Re5 {
[%clk 0:10:56]} 49... Rd7 {[%clk 0:07:43]} 50. Kg3 {[%clk 0:10:34]} 50... Kf7 {
[%clk 0:07:36]} 51. Kh4 {[%clk 0:09:44]} 51... Kf6 {[%clk 0:07:26]} 52. Kg4 {
[%clk 0:09:46]} 52... Kf7 {[%clk 0:07:36]} 53. Kg5 {[%clk 0:09:56]} 53... Rd6 {
[%clk 0:07:26]} 54. Bb4 {[%clk 0:09:05]} 54... Rd7 {[%clk 0:07:47]} 55. f4 {
[%clk 0:09:03]} 55... Bh7 {[%clk 0:03:31]} 56. f5 {[%clk 0:08:29]} 56... Bg8 {
[%clk 0:02:40]} 57. Re6 {[%clk 0:08:08]} 57... Rb7 {[%clk 0:01:23]} 58. Bc5 {
[%clk 0:08:09]} 58... Bh7 {[%clk 0:00:45]} 59. Rf6+ {[%clk 0:08:23]} 59... Ke8
{[%clk 0:01:04]} 60. Rf8+ {[%clk 0:07:41]} 60... Kd7 {[%clk 0:01:21]} 61. Rf7+
{[%clk 0:07:43]} 61... Kc8 {[%clk 0:01:25]} 62. Rxb7 {[%clk 0:08:07]} 62...
Kxb7 {[%clk 0:01:51]} 63. f6 {[%clk 0:08:33]} 1-0

[Event "DEM U14 2018"]
[Site "Willingen GER"]
[Date "2018.05.21"]
[Round "3"]
[White "Haufe, Laurin"]
[Black "Kotyk, Michael"]
[Result "1-0"]
[Termination "normal"]
[Board "12"]
[WhiteElo "1814"]
[BlackElo "2064"]
[WhiteClock "01:03:40"]
[BlackClock "00:29:54"]
[PlyCount "51"]
[WhiteFideId "12976504"]
[BlackFideId "16214501"]
[EventCountry "GER"]
[EventRounds "9"]
[EventType "swiss"]
[EventDate "2018.05.19"]

1. e4 {[%clk 1:30:38]} 1... c5 {[%clk 1:30:56]} 2. Nf3 {[%clk 1:30:48]} 2... a6
{[%clk 1:31:04]} 3. Nc3 {[%clk 1:31:13]} 3... b5 {[%clk 1:31:24]} 4. d4 { [%clk
1:31:33]} 4... cxd4 {[%clk 1:31:45]} 5. Nxd4 {[%clk 1:31:52]} 5... Bb7 { [%clk
1:32:09]} 6. Bd3 {[%clk 1:32:07]} 6... e6 {[%clk 1:30:56]} 7. O-O { [%clk
1:32:16]} 7... Qc7 {[%clk 1:30:41]} 8. Qe2 {[%clk 1:31:29]} 8... Nf6 { [%clk
1:28:43]} 9. Kh1 {[%clk 1:31:01]} 9... d6 {[%clk 1:26:45]} 10. f4 { [%clk
1:29:58]} 10... Nbd7 {[%clk 1:26:11]} 11. a3 {[%clk 1:29:16]} 11... Be7 { [%clk
1:25:38]} 12. Bd2 {[%clk 1:27:30]} 12... Rd8 {[%clk 1:22:12]} 13. Rae1 { [%clk
1:25:46]} 13... Qb8 {[%clk 1:20:10]} 14. e5 {[%clk 1:25:19]} 14... dxe5 { [%clk
1:20:14]} 15. fxe5 {[%clk 1:25:40]} 15... Qxe5 {[%clk 1:18:12]} 16. Qxe5 {[%clk
1:19:59]} 16... Nxe5 {[%clk 1:18:37]} 17. Nxe6 {[%clk 1:19:45]} 17... Nxd3
{[%clk 1:16:46]} 18. Nxg7+ {[%clk 1:19:17]} 18... Kd7 {[%clk 1:07:08]} 19.
Rxe7+ {[%clk 1:12:05]} 19... Kxe7 {[%clk 1:07:30]} 20. Bg5 {[%clk 1:12:32]}
20... Rhg8 {[%clk 0:34:25]} 21. Bxf6+ {[%clk 1:08:45]} 21... Kd6 { [%clk
0:34:50]} 22. cxd3 {[%clk 1:07:08]} 22... Rc8 {[%clk 0:33:55]} 23. Kg1 { [%clk
1:06:32]} 23... h5 {[%clk 0:31:26]} 24. g3 {[%clk 1:05:36]} 24... h4 { [%clk
0:29:34]} 25. Nf5+ {[%clk 1:05:48]} 25... Ke6 {[%clk 0:29:54]} 26. Bxh4 { [%clk
1:03:40]} 1-0

[Event "DEM U14 2018"]
[Site "Willingen GER"]
[Date "2018.05.21"]
[Round "3"]
[White "Post, Hugo"]
[Black "Haller, Luis"]
[Result "1/2-1/2"]
[Termination "normal"]
[Board "13"]
[WhiteElo "1983"]
[BlackElo "1711"]
[WhiteClock "00:24:54"]
[BlackClock "00:52:08"]
[PlyCount "60"]
[WhiteFideId "12962490"]
[BlackFideId "16209826"]
[EventCountry "GER"]
[EventRounds "9"]
[EventType "swiss"]
[EventDate "2018.05.19"]

1. e4 {[%clk 1:30:46]} 1... e6 {[%clk 1:30:51]} 2. d4 {[%clk 1:31:02]} 2... d5
{[%clk 1:31:12]} 3. Nd2 {[%clk 1:31:21]} 3... c5 {[%clk 1:31:28]} 4. exd5 {
[%clk 1:31:16]} 4... exd5 {[%clk 1:31:40]} 5. Ngf3 {[%clk 1:31:26]} 5... a6 {
[%clk 1:31:52]} 6. dxc5 {[%clk 1:27:34]} 6... Bxc5 {[%clk 1:32:03]} 7. Bd3 {
[%clk 1:27:07]} 7... Nf6 {[%clk 1:30:29]} 8. Nb3 {[%clk 1:24:33]} 8... Bb6 {
[%clk 1:29:57]} 9. Qe2+ {[%clk 1:23:48]} 9... Be6 {[%clk 1:27:58]} 10. Nbd4 {
[%clk 1:21:44]} 10... Qe7 {[%clk 1:22:39]} 11. O-O {[%clk 1:00:27]} 11... O-O {
[%clk 1:12:43]} 12. Re1 {[%clk 0:57:31]} 12... Re8 {[%clk 1:09:03]} 13. Bf5 {
[%clk 0:54:44]} 13... Bxd4 {[%clk 1:08:35]} 14. Nxd4 {[%clk 0:54:21]} 14... Nc6
{[%clk 1:08:44]} 15. Nxe6 {[%clk 0:53:14]} 15... fxe6 {[%clk 1:08:49]} 16.
Qxe6+ {[%clk 0:52:35]} 16... Qxe6 {[%clk 1:08:58]} 17. Bxe6+ {[%clk 0:51:06]}
17... Kf8 {[%clk 1:07:01]} 18. Bf4 {[%clk 0:45:01]} 18... Rxe6 {[%clk 1:05:22]}
19. Rxe6 {[%clk 0:44:34]} 19... Ne4 {[%clk 1:03:46]} 20. c3 {[%clk 0:41:14]}
20... Kf7 {[%clk 1:02:52]} 21. Rxe4 {[%clk 0:37:04]} 21... dxe4 {[%clk 1:02:17]
} 22. Rd1 {[%clk 0:37:15]} 22... Rd8 {[%clk 0:58:39]} 23. Rxd8 {[%clk 0:36:31]}
23... Nxd8 {[%clk 0:59:03]} 24. Kf1 {[%clk 0:36:56]} 24... Ke6 {[%clk 0:58:59]}
25. Ke2 {[%clk 0:37:02]} 25... Kf5 {[%clk 0:58:24]} 26. Bc7 {[%clk 0:33:12]}
26... Ne6 {[%clk 0:57:04]} 27. Bd6 {[%clk 0:33:16]} 27... b5 {[%clk 0:55:00]}
28. Ke3 {[%clk 0:32:34]} 28... h5 {[%clk 0:54:58]} 29. h3 {[%clk 0:31:19]}
29... h4 {[%clk 0:53:51]} 30. Be7 {[%clk 0:24:54]} 30... Nf4 {[%clk 0:52:08]}
1/2-1/2

[Event "DEM U14 2018"]
[Site "Willingen GER"]
[Date "2018.05.21"]
[Round "3"]
[White "Pahl, Theis"]
[Black "Yi, Danny"]
[Result "0-1"]
[Termination "normal"]
[Board "14"]
[WhiteElo "1987"]
[BlackElo "2074"]
[WhiteClock "00:20:51"]
[BlackClock "00:38:16"]
[PlyCount "92"]
[WhiteFideId "16201264"]
[BlackFideId "12988588"]
[EventCountry "GER"]
[EventRounds "9"]
[EventType "swiss"]
[EventDate "2018.05.19"]

1. e4 {[%clk 1:30:58]} 1... e5 {[%clk 1:30:55]} 2. Nf3 {[%clk 1:31:23]} 2...
Nc6 {[%clk 1:31:20]} 3. Bb5 {[%clk 1:31:44]} 3... a6 {[%clk 1:31:42]} 4. Ba4 {
[%clk 1:32:13]} 4... Nf6 {[%clk 1:31:55]} 5. O-O {[%clk 1:32:29]} 5... Be7 {
[%clk 1:32:02]} 6. d3 {[%clk 1:32:54]} 6... b5 {[%clk 1:32:02]} 7. Bb3 { [%clk
1:33:19]} 7... d6 {[%clk 1:32:14]} 8. a3 {[%clk 1:33:42]} 8... O-O { [%clk
1:32:12]} 9. Nc3 {[%clk 1:34:08]} 9... Be6 {[%clk 1:28:28]} 10. Nd5 { [%clk
1:34:02]} 10... Na5 {[%clk 1:21:23]} 11. Nxf6+ {[%clk 1:33:48]} 11... Bxf6
{[%clk 1:21:28]} 12. Bxe6 {[%clk 1:34:09]} 12... fxe6 {[%clk 1:21:52]} 13. b4
{[%clk 1:34:18]} 13... Nc6 {[%clk 1:20:21]} 14. Be3 {[%clk 1:34:19]} 14... Qd7
{[%clk 1:19:38]} 15. c3 {[%clk 1:34:12]} 15... Rfd8 {[%clk 1:18:46]} 16. Qb3
{[%clk 1:34:01]} 16... Ne7 {[%clk 1:15:01]} 17. a4 {[%clk 1:25:02]} 17... Ng6
{[%clk 1:11:32]} 18. g3 {[%clk 1:22:26]} 18... d5 {[%clk 1:10:35]} 19. Rfe1
{[%clk 1:15:40]} 19... Qc6 {[%clk 1:07:25]} 20. Bc5 {[%clk 1:11:06]} 20... Kh8
{[%clk 1:02:53]} 21. a5 {[%clk 1:01:12]} 21... dxe4 {[%clk 1:01:17]} 22. dxe4 {
[%clk 1:01:23]} 22... Rd3 {[%clk 1:01:06]} 23. Kg2 {[%clk 1:01:10]} 23... Rad8
{[%clk 0:59:58]} 24. Rad1 {[%clk 0:59:03]} 24... h5 {[%clk 0:58:20]} 25. h4 {
[%clk 0:45:21]} 25... Rxd1 {[%clk 0:53:11]} 26. Rxd1 {[%clk 0:45:37]} 26...
Rxd1 {[%clk 0:52:56]} 27. Qxd1 {[%clk 0:45:59]} 27... Qxe4 {[%clk 0:52:21]} 28.
Qd7 {[%clk 0:41:17]} 28... Qd5 {[%clk 0:43:24]} 29. Qc8+ {[%clk 0:38:15]} 29...
Kh7 {[%clk 0:43:49]} 30. Qxa6 {[%clk 0:36:33]} 30... e4 {[%clk 0:44:02]} 31.
Qxb5 {[%clk 0:23:13]} 31... exf3+ {[%clk 0:43:38]} 32. Kh2 {[%clk 0:22:55]}
32... Ne5 {[%clk 0:32:18]} 33. Qf1 {[%clk 0:13:57]} 33... Ng4+ {[%clk 0:29:31]}
34. Kg1 {[%clk 0:13:47]} 34... Bxc3 {[%clk 0:28:35]} 35. a6 {[%clk 0:13:39]}
35... e5 {[%clk 0:20:18]} 36. a7 {[%clk 0:09:00]} 36... e4 {[%clk 0:19:13]} 37.
Qc1 {[%clk 0:06:53]} 37... Bd4 {[%clk 0:14:07]} 38. Bxd4 {[%clk 0:01:58]} 38...
Qxd4 {[%clk 0:14:23]} 39. Qe1 {[%clk 0:01:53]} 39... Qd5 {[%clk 0:13:20]} 40.
Qb1 {[%clk 0:00:34]} 40... Kh6 {[%clk 0:10:27]} 41. Qc1+ {[%clk 0:25:27]} 41...
e3 {[%clk 0:39:12]} 42. b5 {[%clk 0:24:15]} 42... g6 {[%clk 0:37:53]} 43. b6 {
[%clk 0:21:23]} 43... Qd2 {[%clk 0:38:06]} 44. Qf1 {[%clk 0:20:01]} 44... e2 {
[%clk 0:37:56]} 45. b7 {[%clk 0:20:25]} 45... exf1=Q+ {[%clk 0:38:16]} 46. Kxf1
{[%clk 0:20:51]} 46... Qc1# 0-1